000 00775nam a2200241 a 4500
005 20160830154616.0
008 140305b1998 enk|||||r|||| 00| 0 eng d
020 _a1870098749
040 _aCO-BoIAVH
_cCO-BoIAVH
041 0 _aeng
044 _aenk
082 0 4 _a346.048
_bS55b
100 1 _aShiva, Vandana
_eautora
245 1 0 _aBiopiracy :
_bthe plunder of nature and knowledge /
_cVandana Shiva
260 _aDarlington :
_bGreen Books,
_c1998.
300 _a143 páginas ;
_c21 x 14 cm.
504 _aIncluye referencias bibliográficas e índice.
650 2 6 _aPatentes
_xPirateria
650 2 6 _aPropiedad intelectual
650 2 6 _aBiodiversidad
_xConocimiento
650 2 6 _aConocimientos tradicionales
942 _cLIBRO
_2ddc
999 _c2290
_d2290